| 000 | 00518nam a22001817a 4500 | ||
|---|---|---|---|
| 001 | 3864 | ||
| 003 | FISKH | ||
| 005 | 20240607121340.0 | ||
| 008 | 240520b cb ||||| |||| 00| 0 fre d | ||
| 040 |
_aFISKH _beng _cFISKH _dFISKH |
||
| 082 | _a324 | ||
| 100 | _aRodriguez, Clarence | ||
| 245 |
_aLa révolution sous le voile : _cClarence Rodriguez |
||
| 260 |
_aParis : _bFirst Editions, _c2014 |
||
| 300 |
_a311 pages : _c23 cm |
||
| 520 | _aA story from women who defied driving bans in Saudi Arabia | ||
| 942 |
_2ddc _cBK _n0 |
||
| 999 |
_c3864 _d3864 |
||